El violín de Rotschild / (Record no. 114644)

MARC details
000 -LEADER
campo de control de longitud fija 01022nam a2200265 i 4500
001 - NÚMERO DE CONTROL
campo de control 114644
003 - IDENTIFICADOR DE NÚMERO DE CONTROL
campo de control ES-MaACL
005 - FECHA Y HORA DE LA ÚLTIMA TRANSACCIÓN
campo de control 20231220180203.0
007 - CAMPO FIJO DE DESCRIPCIÓN FÍSICA--INFORMACIÓN GENERAL
campo de control de longitud fija t|
008 - DATOS DE LONGITUD FIJA--INFORMACIÓN GENERAL
campo de control de longitud fija 070316s1961 sp |||| | spa d
080 ## - NÚMERO DE LA CLASIFICACIÓN DECIMAL UNIVERSAL
Número de la Clasificación Decimal Universal 811.161.1(076)
100 1# - ENTRADA PRINCIPAL--NOMBRE DE PERSONA
Nombre de persona Chejov, Anton Pavlovich.
9 (RLIN) 38315
245 13 - MENCIÓN DEL TÍTULO
Título El violín de Rotschild /
Mención de responsabilidad, etc. Chejov ; traducido y anotado por María F. de Castro ; revisado por Victor Andresco.
260 ## - PUBLICACIÓN, DISTRIBUCIÓN, ETC.
Lugar de publicación, distribución, etc. Madrid :
Nombre del editor, distribuidor, etc. Suarro, [J.L. Suárez Rodríguez,
Fecha de publicación, distribución, etc. 1961]
300 ## - DESCRIPCIÓN FÍSICA
Extensión 31 p. ;
Dimensiones 16 cm.
490 1# - MENCIÓN DE SERIE
Mención de serie Biblioteca didáctica bilingüe.
-- Serie D, Ruso ;
Designación de volumen o secuencia 1
546 ## - NOTA DE IDIOMA
Nota de lengua/lenguaje Texto en español y ruso.
598 ## - NOTA LOCAL
Nota local Biblioteca didáctica bilingüe / dir. y ed., José Luis Suárez Rodríguez.
700 1# - ENTRADA AGREGADA--NOMBRE PERSONAL
Nombre de persona Castro, María F. de.
9 (RLIN) 36881
700 1# - ENTRADA AGREGADA--NOMBRE PERSONAL
Nombre de persona Andresco, Victor.
9 (RLIN) 181483
700 1# - ENTRADA AGREGADA--NOMBRE PERSONAL
Nombre de persona Suárez Rodríguez, José Luis,
Fechas asociadas al nombre 1931-2020
9 (RLIN) 108655
830 0# - PUNTO DE ACCESO ADICIONAL DE SERIE-TÍTULO UNIFORME
Título uniforme Biblioteca didáctica bilingüe.
-- Serie D, Ruso ;
Designación de volumen o secuencia 1
9 (RLIN) 233257
852 ## - LOCALIZACIÓN
Ubicación ES-MaACL
Número de control de estantería 2024-F-8
Holdings
Estatus retirado Estado de pérdida Estado de daño No para préstamo Colección Biblioteca de origen Biblioteca actual Ubicación en estantería Fecha de adquisición Fuente de adquisición Total de préstamos Signatura topográfica completa Código de barras Visto por última vez Precio de reemplazo Tipo de ítem Koha
        Colección de folletos Biblioteca del Ateneo de Madrid Biblioteca del Ateneo de Madrid Depósito folletos 17/01/2008     2024-F-8 1119555 23/02/2023 23/02/2023 Folleto